000 00476nam a2200145 i 4500
001 bg
100 1 _aIZBICKI, Roland
245 0 _aNormy i dokumenty normatywno-techniczne w systemie kierowania jakością w budownictwie /
_cR. Izbicki.
260 _aWarszawa,
_c1981.
040 _cBPK
041 _apol
942 _cKS
008 s pl f |000 0 pol
856 _uhttp://koha.tu.koszalin.pl/cgi-bin/koha/opac-detail.pl?biblionumber=19977
_yKatalog online BPK
999 _c19977
_d19977